| 000 | 00847nam a2200253Ia 4500 | ||
|---|---|---|---|
| 003 | OSt | ||
| 005 | 20220918170837.0 | ||
| 006 | a|||||r|||| 00| 0 | ||
| 007 | ta | ||
| 008 | 220917b |||||||| |||| 00| 0 eng d | ||
| 020 |
_a9780739167373 (hbk) _c3071.40 |
||
| 024 | _a268,342 | ||
| 037 |
_b36313, 30/11/2012, Segment Book Distributors _cTextual |
||
| 040 |
_aARTS _cARTS _beng |
||
| 041 |
_2eng _aeng |
||
| 082 | _aY:47:6.243, Q2 | ||
| 100 |
_aRandhawa Karenjot Bhangoo _931609 |
||
| 245 | 0 |
_aCivil society in malerkotla, Punjab _b Fostering resilience through religion |
|
| 260 |
_aNew York _bLexingtion Books U.S.A _c2012 |
||
| 300 |
_axii, 127p. _ccm. |
||
| 650 | _aSOCIOLOGY | ||
| 942 |
_hY:47:6.243, Q2 _cTEXL _2CC |
||
| 999 |
_c136166 _d136166 |
||